| 000 | 01003nam a22001817a 4500 | ||
|---|---|---|---|
| 003 | OSt | ||
| 005 | 20131030135818.0 | ||
| 008 | 131014e2013 xxu||||| |||| 00| 0 eng d | ||
| 024 |
_2DL _aGI- 1287-2012 |
||
| 040 | _cCDMR | ||
| 110 |
_93224 _aComissió de Fotoperiodistes de Girona |
||
| 245 | 0 | 0 |
_aMostra de Fotoperiodistes 2012 _cCol·lectiu de fotoperiodistes de Girona |
| 260 |
_aGirona _c2012 _bCol·legi de Periodistes de Catalunya, Demarcació de Girona |
||
| 300 | _a68 p. | ||
| 505 | _rAparicio, David; Borrat, David; Colomer, Carles; Ensesa, Agustí; Martí, Marc ; Artalejo, Martí; Candela, Antoni; Duch, Dani; Lladó, Manel; Melendez, Carles; Atset, Cèlia; Castro, Joan; Duran, Pere; Lleixà, Roger; Molons, Conxi, Oliveras, Josep M.; Ribot, Jordi; Sainz de Baranda, Inma; Thowsend, Robin; Purcallas, Jaume ; Roser, Quim, Soriano, Tino; Vidal, Rosana; Resclosa, Aniol; Serrat, LLuís, Teixidó, Llibert, Vilches, Toni. | ||
| 650 | 0 | 4 |
_93679 _aFotoperiodisme _xExposicions |
| 942 |
_2udc _cMON |
||
| 999 |
_c6640 _d6640 |
||